التحقيق في اسباب الحرائق / (رقم التسجيلة. 144793)

تفاصيل مارك
000 -الفاتح
عناصر البيانات ثابتة الطول 00671cam a2200193 i 4500
005 - تاريخ ووقت آخر معاملة
حقل ضبط 20260128100117.0
008 - عناصر البيانات ثابتة الطول
عناصر البيانات ثابتة الطول 250721s2022 jo gr 000 0 ara d
082 14 - رقم تصنيف ديوي العشري
رقم التصنيف 363.37
رقم المادة ح م ي
100 1# - مدخل رئيسي – اسم شخصي
الاسم الشخصي الحميدي، حسين
علاقة الشخص بالعمل/ دوره معد.
245 12 - بيان العنوان
العنوان التحقيق في اسباب الحرائق /
بيان المسؤولية المعد المهندس حسين محمد سراج الحميدي.
264 31 - بيانات النشر، التوزيع…إلخ
مكان النشر، التوزيع...إلخ عمان :
اسم الناشر، الموزع...إلخ المؤلف،
تاريخ النشر، التوزيع...إلخ 2022.
300 ## - الوصف المادي
عدد الوحدات المكونة للوعاء 129 صفحة.
650 17 - مدخل إضافي بالموضوع - مصطلح موضوعي
مصطلح موضوعي أو اسم جغرافي كعنصر مدخل الكوارث.
650 17 - مدخل إضافي بالموضوع - مصطلح موضوعي
مصطلح موضوعي أو اسم جغرافي كعنصر مدخل التحقيق في الكوارث.
650 17 - مدخل إضافي بالموضوع - مصطلح موضوعي
مصطلح موضوعي أو اسم جغرافي كعنصر مدخل الحرائق.
650 17 - مدخل إضافي بالموضوع - مصطلح موضوعي
مصطلح موضوعي أو اسم جغرافي كعنصر مدخل السلامة العامة.
942 ## - بيانات إضافية (كوها)
نوع التنصيف Dewey Decimal Classification
نوع المادة (كوها) كتب
المقتنيات
حالة السحب حالة الفقدان مصدر التصنيف حالة التلف غير قابل للإعارة المكتبة الرئيسية المكتبة الحالية موقع الرف تاريخ التزويد الرقم المتسلسل Total Checkouts رقم الإستدعاء الباركود تاريخ آخر ظهور تاريخ الفاتورة نوع المادة (كوها)
    Dewey Decimal Classification     المكتبة المركزية المكتبة المركزية الإعارة 28/07/2025 1780234   363.37 / ح م ي PLD00505516 28/07/2025 28/07/2025 كتب
    Dewey Decimal Classification     مكتبة أبو علندا العامة مكتبة أبو علندا العامة الإعارة 25/09/2023 1780241   363.37/حمي PLD00506081 28/07/2025 25/09/2023 كتب
    Dewey Decimal Classification     مكتبة أم قصير والمقابلين العامة مكتبة أم قصير والمقابلين العامة الإعارة 25/09/2023 1780238   363.37/حمي PLD00506078 28/07/2025 25/09/2023 كتب
    Dewey Decimal Classification     مكتبة الاميرة بديعة مكتبة الاميرة بديعة الإعارة 25/09/2023 1780239   363.37/حمي PLD00506079 28/07/2025 25/09/2023 كتب
    Dewey Decimal Classification     مكتبة الجويدة مكتبة الجويدة الإعارة 25/09/2023 1780242   363.37/حمي PLD00506082 28/07/2025 25/09/2023 كتب
    Dewey Decimal Classification     مكتبة الحسن العامة مكتبة الحسن العامة الإعارة 25/09/2023 1780240   363.37/حمي PLD00506080 28/07/2025 25/09/2023 كتب
    Dewey Decimal Classification     مكتبة حمزة العامة مكتبة حمزة العامة الإعارة 25/09/2023 1780243   363.37/حمي PLD00506083 28/07/2025 25/09/2023 كتب
    Dewey Decimal Classification     مكتبة صويلح العامة مكتبة صويلح العامة الإعارة 25/09/2023 1780236   363.37/حمي PLD00506076 28/07/2025 25/09/2023 كتب
    Dewey Decimal Classification     مكتبة وادي السير العامة مكتبة وادي السير العامة الإعارة 25/09/2023 1780235   363.37/حمي PLD00506075 28/07/2025 25/09/2023 كتب
Implemented & Customized by: BBB with SCIT (Smart Chains for Information Technology)

Powered by Koha